| Registos Bibliográficos associados ao registo de autoridade |
|
Etiqueta de registo: 00846cam 2200301 450 001 215488 003 http://id.bnportugal.gov.pt/bib/catbnp/215488 005 19981201061400.0 021 ## $aPT$b27063/89 095 ## $aPTBN00223184 100 ## $a19900108d1989 a y0pora0103 ba 101 0# $apor 102 ## $aPT 105 ## $aa t 000yy 106 ## $ar 200 1# $aInfante D. Henrique$ftexto Margarida Brandão$gdes. Baptista Mendes 205 ## $a1ª ed 210 #9 $aPorto$cAsa,$d1989 215 ## $a36 p.$cmuito il.$d30 cm 225 2# $aNavegadores portugueses$v2 317 ## $aColeção Leandro de Moraes Sarmento$5PTBN: L.M.S. 654 600 #1 $aHenrique,$cInfante de Portugal,$d1394-1460$jLiteratura juvenil$2SIPOR$31996573 606 ## $aDescobrimentos portugueses$xHistória$jLiteratura juvenil$2SIPOR$31996574 675 ## $a087.5$vBN$zpor$3287999 675 ## $a929Henrique, Infante de Portugal(0.053.5)$vBN$zpor$31635557 675 ## $a910.4Henrique, Infante de Portugal(0.053.5)$vBN$zpor$31635558 700 #1 $aBrandão,$bMargarida,$f1944-$316940 702 #1 $aMendes,$bBaptista$4440$345575 801 #0 $aPT$bBN$gRPC 966 ## $lBN$mFGMON$pBiblioteca particular Leandro de Moraes Sarmento$sL.M.S. 654 $x3 966 ## $c2$lBN$mFGMON$sP. 9561 V.$x1 966 ## $c2$lBN$mFGMON$sP. 9561 V.$x1
|
|
|